Влияние структуры на трибомеханические свойства спеченных композитов (Al-12Si)-Sn; Перспективы развития фундаментальных наук; Т. 2 : Химия
| Parent link: | Перспективы развития фундаментальных наук=Prospects of Fundamental Sciences Development: сборник научных трудов XV Международной конференции студентов, аспирантов и молодых ученых, г. Томск, 24-27 апреля 2018 г./ Национальный исследовательский Томский политехнический университет (ТПУ) ; под ред. И. А. Курзиной, Г. А. Вороновой.— , 2018 Т. 2 : Химия.— 2018.— [С. 276-278] |
|---|---|
| Autor principal: | |
| Autor corporatiu: | , |
| Altres autors: | , |
| Sumari: | Заглавие с экрана The structure, mechanical and tribological properties of sintered (Al-12Si)-xSn composites were investigated in the present study. The composites were obtained by sintering of the briquettes made of aluminum (Al-12Si) and tin powders mixture. It was found that the hot densification substantially increases the strength of sintered composites and also makes much higher their wear resistance under the dry friction against a steel counterbody. The mechanical properties of the obtained materials slowly decrease with an increasing of tin content up to 40 wt. %, while their wear resistance increases. |
| Idioma: | rus |
| Publicat: |
2018
|
| Matèries: | |
| Accés en línia: | http://earchive.tpu.ru/handle/11683/50792 |
| Format: | MixedMaterials Electrònic Capítol de llibre |
| KOHA link: | https://koha.lib.tpu.ru/cgi-bin/koha/opac-detail.pl?biblionumber=627566 |
MARC
| LEADER | 00000naa2a2200000 4500 | ||
|---|---|---|---|
| 001 | 627566 | ||
| 005 | 20231101133452.0 | ||
| 035 | |a (RuTPU)RU\TPU\conf\27474 | ||
| 035 | |a RU\TPU\conf\27453 | ||
| 090 | |a 627566 | ||
| 100 | |a 20180913d2018 k y0rusy50 ca | ||
| 101 | 0 | |a rus |d eng | |
| 102 | |a RU | ||
| 105 | |a y z 100zy | ||
| 135 | |a drgn ---uucaa | ||
| 181 | 0 | |a i | |
| 182 | 0 | |a b | |
| 200 | 1 | |a Влияние структуры на трибомеханические свойства спеченных композитов (Al-12Si)-Sn |d Effect of structure on tribomechanical properties of sintered (Al-12Si)-Sn composites |f Н. А. Рединский, А. Л. Скоренцев |g науч. рук. Н. М. Русин | |
| 203 | |a Текст |c электронный | ||
| 230 | |a 1 компьютерный файл (pdf; 249 Kb) | ||
| 300 | |a Заглавие с экрана | ||
| 320 | |a [Библиогр.: с. 278 (2 назв.)] | ||
| 330 | |a The structure, mechanical and tribological properties of sintered (Al-12Si)-xSn composites were investigated in the present study. The composites were obtained by sintering of the briquettes made of aluminum (Al-12Si) and tin powders mixture. It was found that the hot densification substantially increases the strength of sintered composites and also makes much higher their wear resistance under the dry friction against a steel counterbody. The mechanical properties of the obtained materials slowly decrease with an increasing of tin content up to 40 wt. %, while their wear resistance increases. | ||
| 461 | 1 | |0 (RuTPU)RU\TPU\conf\26928 |t Перспективы развития фундаментальных наук |l Prospects of Fundamental Sciences Development |o сборник научных трудов XV Международной конференции студентов, аспирантов и молодых ученых, г. Томск, 24-27 апреля 2018 г. |o в 7 т. |f Национальный исследовательский Томский политехнический университет (ТПУ) ; под ред. И. А. Курзиной, Г. А. Вороновой |d 2018 | |
| 463 | 1 | |0 (RuTPU)RU\TPU\conf\26930 |t Т. 2 : Химия |v [С. 276-278] |d 2018 | |
| 510 | 1 | |a Effect of structure on tribomechanical properties of sintered (Al-12Si)-Sn composites |z eng | |
| 610 | 1 | |a электронный ресурс | |
| 610 | 1 | |a структуры | |
| 610 | 1 | |a трибомеханические свойства | |
| 610 | 1 | |a спеченные композиты | |
| 610 | 1 | |a сплавы | |
| 610 | 1 | |a износостойкость | |
| 610 | 1 | |a двигателестроение | |
| 610 | 1 | |a спекание | |
| 610 | 1 | |a композиты | |
| 700 | 1 | |a Рединский |b Н. А. | |
| 701 | 1 | |a Скоренцев |b А. Л. |c физик |c инженер Томского политехнического университета |f 1987- |g Александр Леонидович |2 stltpush |3 (RuTPU)RU\TPU\pers\35032 | |
| 702 | 1 | |a Русин |b Н. М. |4 727 | |
| 712 | 0 | 2 | |a Национальный исследовательский Томский государственный университет (ТГУ) |c (2009- ) |2 stltpush |3 (RuTPU)RU\TPU\col\17230 |
| 712 | 0 | 2 | |a Российская академия наук (РАН) |b Сибирское отделение (СО) |b Институт физики прочности и материаловедения (ИФПМ) |c (Томск) |2 stltpush |3 (RuTPU)RU\TPU\col\265 |
| 801 | 2 | |a RU |b 63413507 |c 20191211 |g RCR | |
| 856 | 4 | |u http://earchive.tpu.ru/handle/11683/50792 | |
| 942 | |c BK | ||